Amsterdam - quiz wielokrotnego wyboru - Statystyki

Ogólne statystyki
  • Ten quiz został rozwiązany 807 razy
  • Średni wynik to 6 z 10
Statystyki odpowiedzi
Zagadnienie Odpowiedź % Poprawnych
Jaki jest najbardziej utytułowany klub piłkarski z Amsterdamu? Ajax
92%
Który artysta ma muzeum dedykowane jego twórczości w Amsterdamie? Vincent van Gogh
90%
Na jakiej rzece leży Amsterdam? Amstel
75%
Które z tych piw pochodzi z Amsterdamu? Heineken
72%
Kto z tych ludzi żył w Amsterdamie? Anne Frank
65%
Które z tych zdań NIE opisuje Amsterdamu? Około 75% mieszkańców należy do Holenderskiego kościoła reformowanego
53%
Jaka jest potoczna nazwa Amsterdamu? Wenecja północy
51%
Amsterdam ma najstarsze/-y/-ą na świecie... Giełdę
46%
Jaki był najbardziej profitowy produkt sprzedawany przez Holenderską Kompanię Wschodnioindyjską w XVII wieku? Przyprawy
41%
Które z tych miast leży najbliżej Amsterdamu? Haarlem
32%
Nie znaleziono quizów pasujących do podanych kryteriów
Rozkład punktacji
Procent ludzi z każdym wynikiem
Percentyl według liczby udzielonych odpowiedzi
Twoja historia wyników
Nie rozwiązałeś tego quizu